000 01448cam a22003974a 4500
001 12651381
003 OSt
005 20140310182743.0
008 020122s2003 maua b 001 0 eng
010 _a 2002020100
020 _a007252409X (alk. paper)
020 _a007119519X (International : alk. paper)
040 _aDLC
_cDLC
_dDLC
042 _apcc
050 0 0 _aHD 58.7
_b.G54 2003
082 0 0 _a658.4
_221
100 _aGibson, James L.
245 0 0 _aOrganizations :
_bbehavior, structure, processes /
_cJames L. Gibson ... [et al.].
250 _a11th ed.
260 _aBoston, Mass. :
_bMcGraw-Hill/Irwin,
_c2003.
300 _axviii, 574 p. :
_bill. ;
_c26 cm.
521 _aBSBA
650 0 _aOrganization.
650 0 _aOrganizational behavior.
650 0 _aLeadership.
650 0 _aOrganizational effectiveness.
700 1 _aGibson, James L.
_q(James Lawrence),
_d1935-
856 4 2 _3Publisher description
_uhttp://www.loc.gov/catdir/description/mh021/2002020100.html
856 4 1 _3Table of contents
_uhttp://www.loc.gov/catdir/toc/mh021/2002020100.html
856 4 2 _3Contributor biographical information
_uhttp://www.loc.gov/catdir/enhancements/fy0737/2002020100-b.html
906 _a7
_bcbc
_corignew
_d1
_eocip
_f20
_gy-gencatlg
942 _2lcc
_cBK
_kFOR
999 _c15599
_d15599